00387nam a22001217a 4500082003400000100002800034245005900062260003700121300002500158526003700183526003700220650000800257 a297.1225521bQARcL-31, P-131 aBegum aisha baani waqf. aThe glorious quran cBegum aisha baani waqf. Pickthall aKarachi.bMashhoor offset press. a767 p.bill.c26 cm. a0b0c0d297_122552100000000_QAR a0b0c0d297_122552100000000_QAR aMCE